Начала электронных методов ядерной физики: учебное пособие

Xehetasun bibliografikoak
Egile nagusia: Деменков В. Г. Василий Георгиевич
Beste egile batzuk: Деменков П. В. Павел Васильевич
Gaia:Представлены основополагающие методы и электронные средства обработки сигналов детекторов ядерного излучения. Изложенные материалы связаны с физикой средних и низких энер­гий и отражают современное состояние экспериментальной базы и ее техническое обеспечение.Для студентов направлений подготовки «Прикладные мате­матика и физика», «Физика», «Радиофизика», «Ядерная энер­гетика и теплофизика», «Ядерные физика и технологии», «Тех­ническая физика» и специалистов, эксплуатирующих технику измерения параметров ионизирующих излучений в ядерной фи­зике и смежных ее областях науки и техники.
Hizkuntza:errusiera
Argitaratua: Санкт-Петербург, Лань, 2016
Saila:Учебники для вузов. Специальная литература
Gaiak:
Formatua: MixedMaterials Liburua
KOHA link:https://koha.lib.tpu.ru/cgi-bin/koha/opac-detail.pl?biblionumber=312217

MARC

LEADER 00000nam0a2200000 4500
001 312217
005 20231102002450.0
010 |a 9785811419029 
035 |a (RuTPU)RU\TPU\book\337584 
090 |a 312217 
100 |a 20151218d2016 m y0rusy50 ca 
101 0 |a rus 
102 |a RU 
105 |a y j 001zy 
200 1 |a Начала электронных методов ядерной физики  |e учебное пособие  |f В. Г. Деменков, П. В. Деменков 
210 |a Санкт-Петербург  |c Лань  |d 2016 
215 |a 377 с.  |c ил. 
225 1 |a Учебники для вузов. Специальная литература 
320 |a Библиогр.: с. 366-367. 
320 |a Предм. указ.: с. 368-371. 
330 |a Представлены основополагающие методы и электронные средства обработки сигналов детекторов ядерного излучения. Изложенные материалы связаны с физикой средних и низких энер­гий и отражают современное состояние экспериментальной базы и ее техническое обеспечение.Для студентов направлений подготовки «Прикладные мате­матика и физика», «Физика», «Радиофизика», «Ядерная энер­гетика и теплофизика», «Ядерные физика и технологии», «Тех­ническая физика» и специалистов, эксплуатирующих технику измерения параметров ионизирующих излучений в ядерной фи­зике и смежных ее областях науки и техники. 
606 1 |a Ядерная физика  |x Приборы  |2 stltpush  |3 (RuTPU)RU\TPU\subj\21563  |9 46527 
610 1 |a электронная техника 
610 1 |a линейные методы 
610 1 |a детекторные сигналы 
610 1 |a ионизирующие излучения 
610 1 |a детекторы 
610 1 |a линейные схемы 
610 1 |a нелинейные методы 
610 1 |a детекторные устройства 
610 1 |a шумы 
610 1 |a спектрометрический тракт 
610 1 |a электронные средства 
610 1 |a метод совпадений 
610 1 |a метод антисовпадений 
610 1 |a ядерные излучения 
610 1 |a ядерные измерения 
610 1 |a спектрометрия 
610 1 |a прецизионные измерительные устройства 
610 1 |a автоматизация 
610 1 |a измерительный тракт 
610 1 |a стандартизация 
610 1 |a измерительные системы 
610 1 |a цифровые измерительные приборы 
610 1 |a учебные пособия 
675 |a 539.1.07(075.8)  |v 4 
700 1 |a Деменков  |b В. Г.  |g Василий Георгиевич 
701 1 |a Деменков  |b П. В.  |g Павел Васильевич 
801 1 |a RU  |b 63413507  |c 20151218 
801 2 |a RU  |b 63413507  |c 20160211  |g RCR 
900 |a Ядерная физика 
942 |c BK 
959 |a 144/20151118  |d 3  |e 770,00  |f ЧЗТЛ:1  |f УФ:2